[Event "4NCL-9899A IK-BCM"]
[Site "Rd4-Birmingham"]
[Date "1998.11.22"]
[Round "4.7"]
[White "Alfred, Nathan"]
[Black "Gunter, David"]
[Result "1/2-1/2"]
[WhiteElo "2235"]
[BlackElo "2175"]
[PlyCount "27"]
[EventDate "1998.11.22"]

1. e4 e6 2. Nc3 d5 3. d4 Nf6 4. Bg5 Be7 5. e5 Nfd7 6. h4 c5 7. Bxe7 Kxe7 8. Qg4
Kf8 9. Nb5 a6 10. Nd6 Nc6 11. Qf4 f6 12. exf6 Qxf6 13. Qxf6+ gxf6 14. dxc5
1/2-1/2

[Event "4NCL-9899A IK-BCM"]
[Site "Rd4-Birmingham"]
[Date "1998.11.22"]
[Round "4.8"]
[White "Milligan, Helen"]
[Black "Richards, Heather"]
[Result "1/2-1/2"]
[WhiteElo "1896"]
[BlackElo "2130"]
[PlyCount "79"]
[EventDate "1998.11.22"]

1. e4 e6 2. d4 d5 3. e5 c5 4. c3 Nc6 5. Nf3 Bd7 6. Be2 Nge7 7. Na3 Ng6 8. Nc2
cxd4 9. cxd4 Be7 10. O-O O-O 11. Be3 Rc8 12. Rc1 Qe8 13. Nce1 f6 14. exf6 Rxf6
15. Bg5 Rf7 16. Bxe7 Qxe7 17. Nd3 Rcf8 18. Rc3 Qf6 19. Nc5 Bc8 20. Bb5 Nce7 21.
Nd3 Nf5 22. Nde5 Nxe5 23. Nxe5 Re7 24. Ba4 Qh4 25. Nf3 Qh5 26. Qc2 Nd6 27. Ne5
b5 28. Bxb5 Nxb5 29. Rxc8 Nxd4 30. Rxf8+ Kxf8 31. Qc8+ Qe8 32. Qxe8+ Rxe8 33.
Rd1 Rc8 34. Kf1 Nf5 35. Ke2 Ke7 36. Rd3 Kd6 37. Nf7+ Ke7 38. Ne5 Kd6 39. Nf7+
Ke7 40. Ne5 1/2-1/2

[Event "4NCL-9899A RIC-NWE"]
[Site "Rd4-Birmingham"]
[Date "1998.11.22"]
[Round "4.1"]
[White "Bates, Richard"]
[Black "Littlewood, John"]
[Result "1-0"]
[WhiteElo "2395"]
[BlackElo "2295"]
[PlyCount "83"]
[EventDate "1998.11.22"]

1. e4 d6 2. d4 Nf6 3. Nc3 g6 4. Be3 c6 5. Qd2 b5 6. f3 Nbd7 7. Bh6 Bxh6 8. Qxh6
Qb6 9. Qd2 e5 10. dxe5 dxe5 11. O-O-O O-O 12. h4 Nc5 13. Qg5 b4 14. Nb1 Nfxe4
15. fxe4 Nxe4 16. Qxe5 Bf5 17. Nh3 Rae8 18. Qf4 Nc5 19. Nd2 Ne6 20. Qf2 c5 21.
Nf3 Qa5 22. Kb1 Nc7 23. Nf4 Re4 24. Ng5 b3 25. axb3 Rb4 26. Bd3 c4 27. Bxf5
Qxf5 28. Nfh3 Qa5 29. Rd8 Qf5 30. Qxf5 gxf5 31. Rxf8+ Kxf8 32. bxc4 Rxc4 33.
Nxh7+ Kg7 34. N7g5 Rxh4 35. Rd1 Ne6 36. Rd7 Nxg5 37. Nxg5 Rg4 38. Nxf7 Rxg2 39.
Rxa7 f4 40. Ne5+ Kf6 41. Nd3 f3 42. Ra4 1-0

[Event "4NCL-9899A RIC-NWE"]
[Site "Rd4-Birmingham"]
[Date "1998.11.22"]
[Round "4.2"]
[White "Kennaugh, Charles"]
[Black "Wall, Gavin"]
[Result "1-0"]
[WhiteElo "2290"]
[BlackElo "2355"]
[PlyCount "53"]
[EventDate "1998.11.22"]

1. e4 c5 2. Nf3 a6 3. b4 cxb4 4. a3 bxa3 5. Bxa3 d6 6. Bc4 Qc7 7. Qe2 e6 8. O-O
Nd7 9. d4 Ngf6 10. Nbd2 Nb6 11. Ba2 Be7 12. c4 Nfd7 13. Rfc1 Nf8 14. Rab1 Nbd7
15. h4 e5 16. c5 dxc5 17. dxc5 Ne6 18. Bxe6 fxe6 19. Qe3 Nb8 20. Nc4 Nc6 21.
Nd6+ Bxd6 22. cxd6 Qd8 23. Rxc6 bxc6 24. Nxe5 O-O 25. d7 Rf6 26. Rd1 Bb7 27.
Bc5 1-0

[Event "4NCL-9899A RIC-NWE"]
[Site "Rd4-Birmingham"]
[Date "1998.11.22"]
[Round "4.3"]
[White "Quinn, Mark"]
[Black "Quillan, Gary"]
[Result "1/2-1/2"]
[WhiteElo "2350"]
[BlackElo "2335"]
[PlyCount "40"]
[EventDate "1998.11.22"]

1. c4 e5 2. g3 Nf6 3. Bg2 Nc6 4. Nc3 Bb4 5. Nd5 Nxd5 6. cxd5 Ne7 7. e3 O-O 8.
Ne2 f5 9. Qb3 Bd6 10. d3 Qe8 11. d4 e4 12. Bd2 Qf7 13. Nc3 b6 14. f3 exf3 15.
Bxf3 Bb7 16. O-O Rae8 17. Rae1 a6 18. Bg2 Qh5 19. Rf2 g5 20. Ref1 Kg7 1/2-1/2

[Event "4NCL-9899A RIC-NWE"]
[Site "Rd4-Birmingham"]
[Date "1998.11.22"]
[Round "4.4"]
[White "Lund, Brett"]
[Black "Johnstone, Paul"]
[Result "1/2-1/2"]
[WhiteElo "2295"]
[BlackElo "2300"]
[PlyCount "38"]
[EventDate "1998.11.22"]

1. g3 c5 2. Bg2 Nc6 3. c4 g6 4. Nc3 Bg7 5. d3 Nf6 6. Nh3 d5 7. cxd5 Nxd5 8.
Nxd5 Bxh3 9. Bxh3 Qxd5 10. O-O O-O 11. Bg2 Qd7 12. Rb1 Rfd8 13. Be3 b6 14. a3
a5 15. b3 Rac8 16. Qd2 Nd4 17. Rfc1 Nb5 18. a4 Nd4 19. Qa2 h5 1/2-1/2

[Event "4NCL-9899A RIC-NWE"]
[Site "Rd4-Birmingham"]
[Date "1998.11.22"]
[Round "4.5"]
[White "Franklin, Michael"]
[Black "Tebb, David"]
[Result "1/2-1/2"]
[WhiteElo "2235"]
[BlackElo "2250"]
[PlyCount "89"]
[EventDate "1998.11.22"]

1. d4 Nf6 2. Nf3 g6 3. Bf4 Bg7 4. e3 d6 5. h3 Nbd7 6. Be2 O-O 7. O-O Ne4 8. Bh2
f5 9. c3 e6 10. Nbd2 Nxd2 11. Qxd2 Qe7 12. Rfe1 e5 13. e4 f4 14. Qd3 Kh8 15.
Rad1 g5 16. Qc4 c6 17. Qb4 c5 18. dxc5 dxc5 19. Qc4 h6 20. Qd5 Re8 21. Bb5 Nb6
22. Qd6 Qxd6 23. Rxd6 Rf8 24. a4 a6 25. Rxb6 axb5 26. Rxb5 Rxa4 27. Rxc5 Re8
28. b4 Bd7 29. Kf1 Bc6 30. g4 Kg8 31. Kg2 Kf7 32. Bg1 Ke6 33. Nd2 Bf8 34. Ra5
Rxa5 35. bxa5 Rd8 36. Nb3 Rd3 37. f3 Rxc3 38. Rb1 Rc2+ 39. Bf2 Ra2 40. Kg1 Bd6
41. Bb6 Ra3 42. Kg2 Ra2+ 43. Kg1 Ra4 44. Rc1 Ra3 45. Rb1 1/2-1/2

[Event "4NCL-9899A RIC-NWE"]
[Site "Rd4-Birmingham"]
[Date "1998.11.22"]
[Round "4.6"]
[White "Smith, Alan A"]
[Black "Eames, Robert"]
[Result "1-0"]
[WhiteElo "2240"]
[BlackElo "2040"]
[PlyCount "61"]
[EventDate "1998.11.22"]

1. e4 e5 2. Nf3 Nc6 3. d4 exd4 4. Nxd4 Nf6 5. Nxc6 bxc6 6. Bd3 d5 7. Nd2 Bc5 8.
O-O O-O 9. Qf3 Re8 10. h3 Nd7 11. Re1 Qh4 12. Qe2 f5 13. Nf3 Qh5 14. e5 h6 15.
c4 d4 16. Qc2 Nf8 17. Bd2 a5 18. a3 a4 19. Bb4 Ne6 20. Bxf5 d3 21. Bxe6+ Bxe6
22. Qxd3 Bf5 23. Qe2 Bxb4 24. axb4 Rf8 25. Ra3 Rab8 26. e6 Rxb4 27. e7 Re8 28.
Rc3 Qf7 29. Nd4 Bd7 30. Rf3 Qxc4 31. Rf8+ 1-0

[Event "4NCL-9899A RIC-NWE"]
[Site "Rd4-Birmingham"]
[Date "1998.11.22"]
[Round "4.7"]
[White "Allicock, Rawle"]
[Black "James, Dale"]
[Result "1-0"]
[WhiteElo "2232"]
[BlackElo "2225"]
[PlyCount "113"]
[EventDate "1998.11.22"]

1. e4 e5 2. Nf3 d6 3. Nc3 Nd7 4. d4 c6 5. Bc4 Be7 6. O-O h6 7. Bb3 Ngf6 8. Re1
g5 9. a4 Qc7 10. Qd3 Nf8 11. Qc4 Ne6 12. dxe5 dxe5 13. Nd1 Bd6 14. Ne3 Ng7 15.
Qd3 Bg4 16. Nc4 Rd8 17. Qe3 Bxf3 18. Qxf3 Be7 19. Bd2 Ne6 20. Ba5 b6 21. Bc3
Nd4 22. Bxd4 exd4 23. e5 Nd5 24. Nd6+ Rxd6 25. exd6 Qxd6 26. Bxd5 cxd5 27. Qe2
Kf8 28. Qe5 Qxe5 29. Rxe5 Bc5 30. Rae1 Kg7 31. Re8 Rh7 32. Rd8 Kg6 33. Kf1 f6
34. Rxd5 Rc7 35. Ke2 Bb4 36. Rc1 Re7+ 37. Kd3 Bc5 38. a5 g4 39. Rb1 Re6 40. b4
Bd6 41. Rxd4 h5 42. h3 gxh3 43. gxh3 Be5 44. Rd7 a6 45. c4 Kf5 46. axb6 Rxb6
47. c5 Rc6 48. Kc4 Ke6 49. Rh7 Rc8 50. Rxh5 Rd8 51. Re1 Rd4+ 52. Kb3 Rd3+ 53.
Ka4 Rf3 54. Re2 Kd5 55. Rh7 Rf4 56. Rd7+ Kc6 57. Ra7 1-0

[Event "4NCL-9899A RIC-NWE"]
[Site "Rd4-Birmingham"]
[Date "1998.11.22"]
[Round "4.8"]
[White "Ford, Elise"]
[Black "Wilson, Alexandra"]
[Result "1-0"]
[WhiteElo "1840"]
[BlackElo "1392"]
[PlyCount "54"]
[EventDate "1998.11.22"]

1. e4 c5 2. Nc3 d6 3. Bc4 Nf6 4. f4 Nc6 5. d3 a6 6. a4 Bg4 7. Nge2 Nd4 8. O-O
e6 9. h3 Bxe2 10. Nxe2 Nxe2+ 11. Qxe2 Be7 12. f5 exf5 13. Rxf5 O-O 14. Bd2 Rb8
15. a5 Nd7 16. Raf1 Ne5 17. Bd5 g6 18. Rxe5 dxe5 19. Bh6 Bf6 20. Bxf8 Kxf8 21.
Qe3 Qd6 22. Qh6+ Kg8 23. h4 Qe7 24. h5 Rf8 25. hxg6 hxg6 26. Qxg6+ Bg7 27. Rf5
Rd8 1-0

[Event "4NCL-9899A WG-BIG"]
[Site "Rd4-Birmingham"]
[Date "1998.11.22"]
[Round "4.2"]
[White "Parker, Jonathan"]
[Black "Emms, John"]
[Result "1/2-1/2"]
[WhiteElo "2510"]
[BlackElo "2585"]
[PlyCount "85"]
[EventDate "1998.11.22"]

1. e4 c5 2. Nf3 e6 3. b3 b6 4. c4 Bb7 5. Nc3 Nf6 6. e5 Ne4 7. Nxe4 Bxe4 8. Bb2
Nc6 9. Be2 Qc7 10. d3 Bxf3 11. Bxf3 g6 12. O-O Bg7 13. Bxc6 Qxc6 14. d4 cxd4
15. Re1 d6 16. Bxd4 dxe5 17. Bxe5 Bxe5 18. Rxe5 {(Draw offer)} Rd8 19. Qg4 O-O
20. h4 Rd2 21. h5 Qd6 22. Rae1 Qe7 23. a4 Rfd8 24. Qf3 R2d3 25. R5e3 R3d4 26.
Qg3 Qh4 27. Qxh4 Rxh4 28. hxg6 hxg6 29. g3 Rhd4 30. Kg2 Kg7 31. a5 Rd2 32. axb6
axb6 33. Ra1 Rb2 34. Ra7 Rbd2 35. Rb7 R2d6 36. b4 Rc6 37. Rf3 Rf8 38. b5 Rxc4
39. Rxb6 Rb4 40. Rb7 g5 41. b6 Kg6 42. Rd3 g4 43. Rdd7 1/2-1/2

[Event "4NCL-9899A WG-BIG"]
[Site "Rd4-Birmingham"]
[Date "1998.11.22"]
[Round "4.3"]
[White "Littlewood, Paul"]
[Black "Rowson, Jonathan"]
[Result "1/2-1/2"]
[WhiteElo "2430"]
[BlackElo "2495"]
[PlyCount "42"]
[EventDate "1998.11.22"]

1. d4 Nf6 2. Nf3 g6 3. c4 Bg7 4. Nc3 d5 5. Bg5 Ne4 6. Bh4 Nxc3 7. bxc3 dxc4 8.
e3 b5 9. Be2 a6 10. O-O Nd7 11. Nd2 O-O 12. a4 Rb8 13. axb5 axb5 14. Bf3 c5 15.
Ne4 cxd4 16. exd4 Bb7 17. Re1 Bxe4 18. Rxe4 Nf6 19. Re5 e6 20. Rc5 b4 21. Bg3
Rc8 1/2-1/2

[Event "4NCL-9899A WG-BIG"]
[Site "Rd4-Birmingham"]
[Date "1998.11.22"]
[Round "4.4"]
[White "Hunt, Harriet"]
[Black "Levitt, Jon"]
[Result "1-0"]
[WhiteElo "2400"]
[BlackElo "2430"]
[PlyCount "75"]
[EventDate "1998.11.22"]

1. e4 c5 2. Nf3 e6 3. d4 cxd4 4. Nxd4 Nf6 5. Nc3 Bb4 6. e5 Nd5 7. Bd2 Nxc3 8.
bxc3 Be7 9. Qg4 g6 10. h4 h5 11. Qg3 d6 12. f4 a6 13. Bd3 Kf8 14. Rd1 Qc7 15.
O-O Nc6 16. Nf3 d5 17. Kh1 Kg7 {(Draw offer)} 18. Ng5 Bxg5 19. Qxg5 Qe7 20. Qg3
Bd7 21. Rde1 Kh7 22. Kh2 Rhg8 23. Kh3 b5 24. Qf3 f5 25. exf6 Qxf6 26. Qxh5+ Kg7
27. Qg5 e5+ 28. Kg3 Qxg5+ 29. hxg5 e4 30. Be2 Rh8 31. Be3 Rh7 32. Rh1 Rxh1 33.
Rxh1 Rc8 34. Kf2 b4 35. Rd1 d4 36. cxd4 Ne7 37. Bxa6 Rxc2+ 38. Rd2 {time} 1-0

[Event "4NCL-9899A WG-BIG"]
[Site "Rd4-Birmingham"]
[Date "1998.11.22"]
[Round "4.5"]
[White "Pein, Malcolm"]
[Black "Arkell, Keith"]
[Result "1-0"]
[WhiteElo "2425"]
[BlackElo "2475"]
[PlyCount "83"]
[EventDate "1998.11.22"]

1. d4 e6 2. c4 Bb4+ 3. Nc3 f5 4. e3 Nf6 5. Bd3 Bxc3+ 6. bxc3 b6 7. Ne2 Bb7 8.
f3 Nc6 9. O-O O-O 10. e4 fxe4 11. fxe4 e5 12. Ng3 d6 13. d5 Ne7 14. Bg5 Kh8 15.
Bxf6 Rxf6 16. Rxf6 gxf6 17. Qh5 Ng6 18. Rf1 Nf4 19. Qf7 Qf8 20. Qxc7 Ba6 21.
Rxf4 exf4 22. e5 Qg7 23. Qxg7+ Kxg7 24. Nf5+ Kf8 25. e6 Rc8 26. Nxd6 Rd8 27.
Nf5 Rxd5 28. cxd5 Bxd3 29. Nd6 Ke7 30. Nc8+ Ke8 31. Nd6+ Kd8 32. a3 Bc2 33. Kf2
Bb3 34. c4 b5 35. Nxb5 Bxc4 36. Nc3 Ke7 37. Kf3 Bf1 38. Ne4 a5 39. h3 h6 40. h4
a4 41. Nc3 Kd6 42. Nxa4 1-0

[Event "4NCL-9899A WG-BIG"]
[Site "Rd4-Birmingham"]
[Date "1998.11.22"]
[Round "4.6"]
[White "Kelly, Brian"]
[Black "Sowray, Peter"]
[Result "0-1"]
[WhiteElo "2405"]
[BlackElo "2320"]
[PlyCount "148"]
[EventDate "1998.11.22"]

1. d4 Nf6 2. c4 g6 3. Nc3 d5 4. Nf3 Bg7 5. Bg5 c5 6. Bxf6 Bxf6 7. cxd5 cxd4 8.
Nxd4 Qb6 9. Nb3 a5 10. a4 Qb4 11. e3 Bxc3+ 12. bxc3 Qxc3+ 13. Nd2 Bd7 14. Rc1
Qb4 15. Bb5 O-O 16. Bxd7 Nxd7 17. O-O b5 18. axb5 Qxb5 19. Ne4 Rfd8 20. Qd4 Qb6
21. Qc3 Qb4 22. Qc2 Nb6 23. Rb1 Qc4 24. Qxc4 Nxc4 25. Rfc1 Rdc8 26. g3 a4 27.
Rc2 a3 28. Nd2 Nb2 29. Rcxb2 axb2 30. Rxb2 Ra5 31. e4 Rac5 32. Nf3 Rc2 33. Rb7
R8c7 34. Rb8+ Kg7 35. h4 Ra7 36. e5 Rd7 37. Re8 h6 38. Kg2 Re2 39. e6 Rxd5 40.
exf7 Kxf7 41. Ra8 Rb2 42. Ra6 Rc5 43. Ra4 Rb6 44. Nh2 Rb2 45. Ng4 Kg7 46. Re4
Rc7 47. Re5 h5 48. Ne3 Ra7 49. Nd1 Rc2 50. Re4 Rd2 51. Nc3 Rb7 52. Re3 Rbb2 53.
Rf3 Rb3 54. Re3 e6 55. Kf3 Rc2 56. Ne4 Rxe3+ 57. Kxe3 Ra2 58. Kf4 Ra5 59. Ng5
Rf5+ 60. Ke3 Kf6 61. Nf3 Ra5 62. Nd4 e5 63. Nc2 Kf5 64. Kf3 e4+ 65. Ke3 Ke5 66.
Nb4 Ra3+ 67. Ke2 Rc3 68. Kd2 Rb3 69. Nc2 e3+ 70. Nxe3 Ke4 71. Nc4 Kf3 72. Ne5+
Kxf2 73. Nxg6 Kxg3 74. Ke2 Rb6 0-1

[Event "4NCL-9899A WG-BIG"]
[Site "Rd4-Birmingham"]
[Date "1998.11.22"]
[Round "4.7"]
[White "Poulton, James"]
[Black "Collinson, Adam"]
[Result "1/2-1/2"]
[WhiteElo "2370"]
[BlackElo "2405"]
[PlyCount "38"]
[EventDate "1998.11.22"]

1. d4 Nf6 2. Nf3 g6 3. c4 Bg7 4. Nc3 O-O 5. Bg5 c5 6. d5 d6 7. e4 e6 8. Be2
exd5 9. exd5 h6 10. Bd2 Bg4 11. O-O Nbd7 12. h3 Bxf3 13. Bxf3 Re8 14. Qc1 Kh7
15. Qc2 a6 16. a4 Qc7 17. Ra3 Re7 18. Re1 Rxe1+ 19. Bxe1 Re8 1/2-1/2

[Event "4NCL-9899A WG-BIG"]
[Site "Rd4-Birmingham"]
[Date "1998.11.22"]
[Round "4.8"]
[White "Ferguson, Mark"]
[Black "Jackson, Sheila"]
[Result "0-1"]
[WhiteElo "2410"]
[BlackElo "2165"]
[PlyCount "64"]
[EventDate "1998.11.22"]

1. e4 e5 2. Nf3 Nc6 3. Nc3 Nf6 4. Bb5 Bb4 5. O-O O-O 6. d3 Bxc3 7. bxc3 d6 8.
Bg5 h6 9. Bh4 Bg4 10. h3 Bxf3 11. Qxf3 g5 12. Bg3 a6 13. Bxc6 bxc6 14. d4 Qe7
15. dxe5 dxe5 16. Qf5 Rfe8 17. Rfd1 Rab8 18. Rab1 Rb5 19. Rb3 Qe6 20. Qxe6 Rxe6
21. Rd8+ Kg7 22. f3 Nh5 23. Kh2 Nxg3 24. Kxg3 Rd6 25. Rc8 Rd7 26. c4 Rc5 27.
Rd3 Rd4 28. Rxc7 Rcxc4 29. Rb3 Rxc2 30. Rbb7 Rdd2 31. Rxf7+ Kg6 32. Rg7+ Kh5
0-1

[Event "4NCL-9899A BA1-NWE"]
[Site "Rd5-Birmingham"]
[Date "1999.01.23"]
[Round "5.1"]
[White "Pert, Nicholas"]
[Black "Quillan, Gary"]
[Result "0-1"]
[WhiteElo "2443"]
[BlackElo "2335"]
[PlyCount "78"]
[EventDate "1999.01.23"]

1. d4 e6 2. Nf3 Nf6 3. g3 c5 4. Bg2 Nc6 5. O-O cxd4 6. Nxd4 Bc5 7. Nb3 Be7 8.
c4 d6 9. Nc3 O-O 10. e4 Bd7 11. Nb5 Qb8 12. Qe2 Rc8 13. N5d4 a5 14. Nxc6 bxc6
15. Be3 e5 16. Rab1 Be6 17. Rfd1 Qb4 18. Nd2 Rab8 19. h3 d5 20. a3 Qa4 21. exd5
cxd5 22. Bg5 dxc4 23. Ne4 Qb5 24. Bxf6 gxf6 25. Qh5 Qb6 26. Qh6 Bf5 27. Rbc1
Bg6 28. Nc3 Qxb2 29. Nd5 Bf8 30. Nxf6+ Kh8 31. Qg5 Be7 32. Rd7 Qxa3 33. Rcd1
Rb6 34. Qxe5 Bxf6 35. Qd5 Qc5 36. Qf3 c3 37. R7d5 Qe7 38. Rd7 Qe6 39. h4 c2 0-1

[Event "4NCL-9899A BA1-NWE"]
[Site "Rd5-Birmingham"]
[Date "1999.01.23"]
[Round "5.2"]
[White "Littlewood, John"]
[Black "Hansen, Carsten"]
[Result "1-0"]
[WhiteElo "2295"]
[BlackElo "2310"]
[PlyCount "57"]
[EventDate "1999.01.23"]

1. e4 c5 2. c3 Nf6 3. e5 Nd5 4. Nf3 Nc6 5. d4 cxd4 6. cxd4 g6 7. Qb3 e6 8. Nc3
Nxc3 9. bxc3 Bg7 10. Ba3 Bf8 11. Bxf8 Kxf8 12. h4 h5 13. Ng5 Qa5 14. Rd1 Kg7
15. Rh3 d6 16. Rf3 Rf8 17. exd6 Qd8 18. Qa3 f6 19. Ne4 b6 20. Bd3 Bb7 21. Rg3
f5 22. Ng5 Qf6 23. f4 Na5 24. Kf2 Bd5 25. Re1 Rfd8 26. Rge3 Nb7 27. Rxe6 Bxe6
28. Rxe6 Rxd6 29. Rxf6 1-0

[Event "4NCL-9899A BA1-NWE"]
[Site "Rd5-Birmingham"]
[Date "1999.01.23"]
[Round "5.3"]
[White "Lehtivaara, Petri"]
[Black "Lund, Brett"]
[Result "1/2-1/2"]
[WhiteElo "2365"]
[BlackElo "2295"]
[PlyCount "119"]
[EventDate "1999.01.23"]

1. d4 d6 2. c4 f5 3. Nf3 Nf6 4. g3 g6 5. Bg2 Bg7 6. O-O O-O 7. Nc3 Qe8 8. d5
Na6 9. Nd4 Bd7 10. e4 fxe4 11. Nxe4 Nxe4 12. Bxe4 Nc5 13. Bg2 a5 14. Be3 c6 15.
Qd2 e5 16. Nb3 Nxb3 17. axb3 c5 18. Rxa5 b6 19. Raa1 Bf5 20. Rfe1 Qd7 21. h4
Ra7 22. Bh6 Bxh6 23. Qxh6 Rfa8 24. Rxa7 Qxa7 25. h5 Qg7 26. Qxg7+ Kxg7 27. hxg6
hxg6 28. Be4 Bxe4 29. Rxe4 Ra1+ 30. Kg2 Rd1 31. f4 Rd2+ 32. Kf3 exf4 33. Kxf4
Rxb2 34. Re7+ Kf8 35. Re3 Kf7 36. Kg5 Rf2 37. g4 Rb2 38. Rf3+ Kg7 39. Rf6 Rxb3
40. Rxg6+ Kf7 41. Rxd6 Rb4 42. Kf5 Rxc4 43. g5 Rd4 44. Ke5 Rg4 45. Rxb6 Rxg5+
46. Kd6 c4 47. Rc6 Rg4 48. Kd7 Rd4 49. d6 Kf6 50. Rc5 Rh4 51. Kc7 Ke6 52. d7
Rh7 53. Rc6+ Kd5 54. Rd6+ Ke4 55. Kb6 Rxd7 56. Rxd7 c3 57. Kb5 c2 58. Rc7 Kd3
59. Kb4 Kd2 60. Kb3 1/2-1/2

[Event "4NCL-9899A BA1-NWE"]
[Site "Rd5-Birmingham"]
[Date "1999.01.23"]
[Round "5.4"]
[White "Kennaugh, Charles"]
[Black "Knott, Simon"]
[Result "0-1"]
[WhiteElo "2283"]
[BlackElo "2343"]
[PlyCount "82"]
[EventDate "1999.01.23"]

1. e4 e6 2. Qe2 c5 3. b3 Nc6 4. Bb2 e5 5. f4 Nd4 6. Qd3 d5 7. Nc3 c4 8. bxc4
dxc4 9. Qxc4 Nxc2+ 10. Ke2 Nxa1 11. Qb5+ Bd7 12. Qxe5+ Ne7 13. Bxa1 f6 14. Qh5+
g6 15. Qh4 Bg7 16. Nf3 Rc8 17. Qf2 Qa5 18. Qd4 Rd8 19. Ke3 b5 20. Nd5 Qa3+ 21.
Kf2 O-O 22. Bb2 Qd6 23. Nxe7+ Qxe7 24. Qe3 Rfe8 25. Bd3 a6 26. Bb1 Bc6 27. Re1
f5 28. e5 Qb7 29. Nd4 Bxg2 30. Rg1 Be4 31. Bxe4 fxe4 32. Qb3+ Kh8 33. Ke3 Rd5
34. h4 Red8 35. Rc1 Qa7 36. Qc3 Bf8 37. Kxe4 Bc5 38. Ne6 Qa8 39. Nxc5 Rxc5+ 40.
Ke3 Rxc3+ 41. Rxc3 Kg8 0-1

[Event "4NCL-9899A BA1-NWE"]
[Site "Rd5-Birmingham"]
[Date "1999.01.23"]
[Round "5.5"]
[White "Pritchett, Craig"]
[Black "Sheldon, Ruth"]
[Result "1-0"]
[WhiteElo "2325"]
[BlackElo "2265"]
[PlyCount "111"]
[EventDate "1999.01.23"]

1. Nf3 Nf6 2. c4 g6 3. Nc3 Bg7 4. e4 d6 5. d4 O-O 6. Be2 Na6 7. O-O e5 8. Be3
Ng4 9. Bg5 Qe8 10. Re1 h6 11. Bh4 c6 12. Bg3 Qe7 13. h3 exd4 14. Nxd4 Nf6 15.
Nb3 Rd8 16. f4 Nd7 17. Bf1 Nac5 18. Nd4 Nf6 19. Bh4 g5 20. fxg5 Nfxe4 21. Nf3
Bf5 22. gxh6 Bf6 23. Bxf6 Qxf6 24. Qd4 Qxd4+ 25. Nxd4 Bg6 26. Nxe4 Nxe4 27. Nf3
Re8 28. Bd3 Rad8 29. Re3 d5 30. cxd5 cxd5 31. Rae1 Re6 32. Nd4 Rb6 33. b3 Kh7
34. Rc1 Rd7 35. Rc8 Kxh6 36. Kh2 Rf6 37. Nf3 Nd6 38. Rh8+ Kg7 39. Ra8 d4 40.
Nxd4 Rf2 41. Bxg6 fxg6 42. Rxa7 Nc8 43. Ra8 Rxd4 44. Rxc8 Rdd2 45. Rc7+ Kf6 46.
Rg3 Rxa2 47. Rxb7 Ra6 48. b4 Re6 49. Rb3 g5 50. Rb8 Kg7 51. Rb5 Kg6 52. Rg3 Rf5
53. Rxf5 Kxf5 54. b5 Rb6 55. Rb3 g4 56. h4 1-0

[Event "4NCL-9899A BA1-NWE"]
[Site "Rd5-Birmingham"]
[Date "1999.01.23"]
[Round "5.6"]
[White "Tebb, David"]
[Black "Dishman, Stephen"]
[Result "1-0"]
[WhiteElo "2256"]
[BlackElo "2365"]
[PlyCount "75"]
[EventDate "1999.01.23"]

1. e4 d6 2. f4 Nf6 3. Nc3 d5 4. e5 d4 5. Nb5 Nd5 6. Qf3 Nb4 7. Qb3 c5 8. Bc4 e6
9. c3 N4c6 10. cxd4 cxd4 11. Qg3 Nd7 12. Nf3 Nc5 13. O-O g6 14. f5 gxf5 15. d3
h6 16. Nd6+ Bxd6 17. Qg7 Kd7 18. exd6 Qf8 19. Qf6 Rh7 20. b4 Qxd6 21. bxc5 Qxc5
22. Bb2 b5 23. Bb3 Bb7 24. Rac1 Qd6 25. Bxd4 Nxd4 26. Qxd4 Qxd4+ 27. Nxd4 Rg8
28. Rf2 Rhg7 29. g3 a6 30. Rfc2 Kd6 31. Rc7 Ba8 32. Ne2 a5 33. a4 bxa4 34. Bxa4
Rg4 35. d4 Kd5 36. Rd7+ Ke4 37. Rc3 Rb8 38. Bc2# 1-0

[Event "4NCL-9899A BA1-NWE"]
[Site "Rd5-Birmingham"]
[Date "1999.01.23"]
[Round "5.7"]
[White "Haslinger, Stewart"]
[Black "Smith, Alan A"]
[Result "0-1"]
[WhiteElo "2248"]
[BlackElo "2240"]
[PlyCount "70"]
[EventDate "1999.01.23"]

1. e4 c5 2. Nf3 e6 3. d4 cxd4 4. Nxd4 a6 5. Bd3 Bc5 6. Nb3 Be7 7. Qg4 g6 8. Qe2
d6 9. O-O Nd7 10. c4 b6 11. Nc3 Qc7 12. f4 Ngf6 13. Nd4 Bb7 14. Kh1 O-O 15. f5
exf5 16. exf5 Ne5 17. fxg6 hxg6 18. Bg5 Nfg4 19. Bf4 Rae8 20. h3 Nf6 21. Bh6
Nh5 22. Nf5 Qd7 23. Bxf8 Bxf8 24. Nd5 Bxd5 25. cxd5 Nxd3 26. Qxd3 gxf5 27. g4
f4 28. Rfe1 Ng3+ 29. Kg2 Re5 30. Qd4 Ne2 31. Qc4 Qe7 32. Rf1 Re3 33. Rf2 Rg3+
34. Kh2 Qh4 35. Kh1 f3 0-1

[Event "4NCL-9899A BA1-NWE"]
[Site "Rd5-Birmingham"]
[Date "1999.01.23"]
[Round "5.8"]
[White "James, Dale"]
[Black "Lauterbach, Ingrid"]
[Result "1-0"]
[WhiteElo "2225"]
[BlackElo "2171"]
[PlyCount "43"]
[EventDate "1999.01.23"]

1. e4 d6 2. d4 c6 3. Bd3 e5 4. c3 g6 5. f4 exf4 6. Bxf4 Nf6 7. Nf3 Bg7 8. O-O
O-O 9. Nbd2 Nh5 10. Bg5 Qd7 11. Qc2 b6 12. Rae1 Ba6 13. e5 Bxd3 14. Qxd3 dxe5
15. Nxe5 Qc7 16. g4 f6 17. Qc4+ Kh8 18. gxh5 gxh5 19. Qe6 Na6 20. Rxf6 c5 21.
Nf7+ Kg8 22. Nd8+ 1-0

[Event "4NCL-9899A BA2-BIG1"]
[Site "Rd5-Birmingham"]
[Date "1999.01.23"]
[Round "5.1"]
[White "Crouch, Colin"]
[Black "McShane, Luke"]
[Result "0-1"]
[WhiteElo "2430"]
[BlackElo "2497"]
[PlyCount "168"]
[EventDate "1999.01.23"]

1. d4 Nf6 2. c4 g6 3. Nc3 Bg7 4. e4 d6 5. Bg5 c5 6. e5 dxe5 7. dxe5 Nfd7 8. f4
Nc6 9. Nf3 h6 10. Bh4 g5 11. fxg5 Ndxe5 12. Qxd8+ Kxd8 13. O-O-O+ Bd7 14. Nd5
hxg5 15. Bxg5 Nxf3 16. gxf3 Bd4 17. Bd3 f6 18. Bf4 e6 19. Nc3 Ke7 20. Nb5 e5
21. Bg3 Rag8 22. Rhe1 Rh5 23. Be4 Be6 24. b3 Rd8 25. Nxd4 cxd4 26. f4 Bg4 27.
Rd2 Ke6 28. Rf2 Rd7 29. fxe5 fxe5 30. Ref1 Rh6 31. Rf8 Re7 32. Rg8 Bh3 33. Rff8
Kd6 34. Rh8 Rxh8 35. Rxh8 Bd7 36. h4 Rg7 37. Rh6+ Ke7 38. Bxc6 Rxg3 39. Rh7+
Kd6 40. Bxd7 e4 41. Bc8 Rg1+ 42. Kc2 Rg2+ 43. Kd1 e3 44. Rd7+ Ke5 45. Bxb7 Rd2+
46. Ke1 d3 47. Bf3 Rf2 48. Bh5 d2+ 49. Kd1 Rf1+ 50. Kc2 Rc1+ 51. Kb2 Kf4 52.
Rf7+ Kg3 53. Rxa7 d1=Q 54. Bxd1 Rxd1 55. Re7 Kf3 56. Kc3 e2 57. a4 e1=Q+ 58.
Rxe1 Rxe1 59. c5 Ke4 60. Kc4 Ke5 61. Kb5 Rb1 62. b4 Ke6 63. h5 Kd7 64. Kc4 Rh1
65. b5 Rh4+ 66. Kb3 Rxh5 67. c6+ Kd6 68. Kb4 Rh4+ 69. Kb3 Kc5 70. Ka3 Kb6 71.
Kb3 Kc5 72. Ka3 Rh3+ 73. Kb2 Kb6 74. Ka2 Ka5 75. Kb2 Rg3 76. Kc2 Rg4 77. Kb3
Rb4+ 78. Kc3 Rb1 79. Kc2 Rf1 80. Kb3 Ra1 81. Kc4 Rxa4+ 82. Kc5 Ra1 83. c7 Rc1+
84. Kd6 Kb6 0-1

[Event "4NCL-9899A BA2-BIG1"]
[Site "Rd5-Birmingham"]
[Date "1999.01.23"]
[Round "5.2"]
[White "Parker, Jonathan"]
[Black "Duncan, Chris"]
[Result "1-0"]
[WhiteElo "2522"]
[BlackElo "2265"]
[PlyCount "69"]
[EventDate "1999.01.23"]

1. d4 d5 2. c4 dxc4 3. e3 Nf6 4. Bxc4 e6 5. Nf3 c5 6. Qe2 a6 7. dxc5 Bxc5 8. e4
b5 9. Bd3 Nc6 10. Nbd2 Ng4 11. O-O Nge5 12. Nxe5 Nxe5 13. Bc2 Bb7 14. a4 b4 15.
Nb3 Bb6 16. a5 Ba7 17. Bd2 Qe7 18. Qh5 Nc6 19. e5 h6 20. Rac1 g6 21. Qe2 Qh4
22. Bd3 O-O 23. Rc4 Qh5 24. Qxh5 gxh5 25. Bf4 Rac8 26. Rfc1 Rfd8 27. Be4 Nd4
28. Bxb7 Rxc4 29. Rxc4 Nxb3 30. Bf3 Nd2 31. Rxb4 Rd4 32. Rxd4 Nxf3+ 33. gxf3
Bxd4 34. b4 Bc3 35. b5 1-0

[Event "4NCL-9899A BA2-BIG1"]
[Site "Rd5-Birmingham"]
[Date "1999.01.23"]
[Round "5.3"]
[White "Pert, Richard"]
[Black "Arkell, Keith"]
[Result "1/2-1/2"]
[WhiteElo "2288"]
[BlackElo "2438"]
[PlyCount "39"]
[EventDate "1999.01.23"]

1. d4 e6 2. e4 d5 3. Nd2 dxe4 4. Nxe4 Bd7 5. Nf3 Bc6 6. Bd3 Nd7 7. O-O Ngf6 8.
Ng3 Be7 9. b3 Bxf3 10. Qxf3 c6 11. Bb2 Qa5 12. a3 O-O 13. Rfe1 Rfe8 14. Nf1 Qh5
15. Qxh5 Nxh5 16. Ne3 Bd6 17. Rad1 Bc7 18. g3 Nhf6 19. Bf1 Nd5 20. Bg2 1/2-1/2

[Event "4NCL-9899A BA2-BIG1"]
[Site "Rd5-Birmingham"]
[Date "1999.01.23"]
[Round "5.4"]
[White "Kelly, Brian"]
[Black "Twyble, Michael"]
[Result "1/2-1/2"]
[WhiteElo "2405"]
[BlackElo "2216"]
[PlyCount "24"]
[EventDate "1999.01.23"]

1. Nf3 Nf6 2. d4 g6 3. c4 Bg7 4. Nc3 O-O 5. e4 d6 6. Be2 e5 7. O-O exd4 8. Nxd4
Re8 9. f3 Nh5 10. g4 c5 11. Nc2 Be5 12. gxh5 Bxh2+ 1/2-1/2